Tylko prawdziwy "Janusz" zna odpowiedzi - Statystyki

Ogólne statystyki
  • Ten quiz został rozwiązany 631 razy
  • Średni wynik to 3 z 16
Statystyki odpowiedzi
Pytania Odpowiedzi % Poprawnych
Ulubiony napój Piwo
85%
Najwięksi Wrogowie Somsiad
51%
Wódka
49%
Dzieci Pjoter
34%
Schabowy
34%
Żona Grażynka
26%
Ulubione powiedzenie Kurła, kiedyś to było
12%
Najlepszy Przyjaciel Śwagier
7%
Teściowa
7%
Dżejsika
5%
Kaszanka
4%
Najcenniejszy Skarb VW Passat
2%
Bimber od Śwagra
1%
Ulubione jedzenie Kiełbasa z krzanem
1%
Konserwy
1%
Śwagier, kurła, ze mno się nie napijesz?
0%
Nie znaleziono quizów pasujących do podanych kryteriów
Rozkład punktacji
Procent ludzi z każdym wynikiem
Percentyl według liczby udzielonych odpowiedzi
Twoja historia wyników
Nie rozwiązałeś tego quizu